<?xml version="1.0" encoding="UTF-8"?>
<record
    xmlns:xsi="http://www.w3.org/2001/XMLSchema-instance"
    xsi:schemaLocation="http://www.loc.gov/MARC21/slim http://www.loc.gov/standards/marcxml/schema/MARC21slim.xsd"
    xmlns="http://www.loc.gov/MARC21/slim">

  <leader>00694nam a2200157Ia 4500</leader>
  <controlfield tag="008">100122s9999    xx            000 0 und d</controlfield>
  <datafield tag="082" ind1=" " ind2=" ">
    <subfield code="b">62214</subfield>
    <subfield code="a">291.43</subfield>
  </datafield>
  <datafield tag="100" ind1=" " ind2=" ">
    <subfield code="a">&#x936;&#x902;&#x915;&#x930;&#x93E;&#x91A;&#x93E;&#x930;&#x94D;&#x92F;</subfield>
  </datafield>
  <datafield tag="245" ind1=" " ind2=" ">
    <subfield code="a">&#x936;&#x94D;&#x930;&#x940;&#x92E;&#x924;&#x94D; &#x906;&#x926;&#x94D;&#x92F; &#x936;&#x902;&#x915;&#x930;&#x93E;&#x91A;&#x93E;&#x930;&#x94D;&#x92F; &#x915;&#x943;&#x924; &#x92A;&#x94D;&#x930;&#x92A;&#x902;&#x91A;&#x938;&#x93E;&#x930;</subfield>
  </datafield>
  <datafield tag="260" ind1=" " ind2=" ">
    <subfield code="b">&#x92A;&#x94D;&#x930;&#x938;&#x93E;&#x926; &#x92A;&#x94D;&#x930;&#x915;&#x93E;&#x936;&#x928;</subfield>
    <subfield code="c">2001</subfield>
  </datafield>
  <datafield tag="300" ind1=" " ind2=" ">
    <subfield code="a">672</subfield>
  </datafield>
  <datafield tag="630" ind1=" " ind2=" ">
    <subfield code="a">&#x936;&#x94D;&#x930;&#x940;&#x92E;&#x924;&#x94D; &#x906;&#x926;&#x94D;&#x92F; &#x936;&#x902;&#x915;&#x930;&#x93E;&#x91A;&#x93E;&#x930;&#x94D;&#x92F; &#x915;&#x943;&#x924; &#x92A;&#x94D;&#x930;&#x92A;&#x902;&#x91A;&#x938;&#x93E;&#x930;</subfield>
  </datafield>
  <datafield tag="700" ind1=" " ind2=" ">
    <subfield code="a">&#x928;&#x942;&#x932;&#x915;&#x930; &#x935; &#x915;&#x943;</subfield>
  </datafield>
  <datafield tag="730" ind1=" " ind2=" ">
    <subfield code="a">&#x936;&#x94D;&#x930;&#x940;&#x92E;&#x924;&#x94D; &#x906;&#x926;&#x94D;&#x92F; &#x936;&#x902;&#x915;&#x930;&#x93E;&#x91A;&#x93E;&#x930;&#x94D;&#x92F; &#x915;&#x943;&#x924; &#x92A;&#x94D;&#x930;&#x92A;&#x902;&#x91A;&#x938;&#x93E;&#x930;</subfield>
  </datafield>
  <datafield tag="942" ind1=" " ind2=" ">
    <subfield code="c">BOOK</subfield>
  </datafield>
  <datafield tag="999" ind1=" " ind2=" ">
    <subfield code="c">436603</subfield>
    <subfield code="d">436600</subfield>
  </datafield>
  <datafield tag="952" ind1=" " ind2=" ">
    <subfield code="0">0</subfield>
    <subfield code="1">0</subfield>
    <subfield code="4">0</subfield>
    <subfield code="7">0</subfield>
    <subfield code="a">SVPPARLE</subfield>
    <subfield code="b">SVPPARLE</subfield>
    <subfield code="d">2002-11-15</subfield>
    <subfield code="g">350.00</subfield>
    <subfield code="l">0</subfield>
    <subfield code="o">62214</subfield>
    <subfield code="p">SVPPARLE-62214</subfield>
    <subfield code="r">2010-01-25 00:00:00</subfield>
    <subfield code="v">350.00</subfield>
    <subfield code="w">2010-01-25</subfield>
    <subfield code="y">BOOK</subfield>
    <subfield code="z">General NA</subfield>
  </datafield>
</record>
